<?xml version="1.0" encoding="UTF-8"?>
<record
    xmlns:xsi="http://www.w3.org/2001/XMLSchema-instance"
    xsi:schemaLocation="http://www.loc.gov/MARC21/slim http://www.loc.gov/standards/marcxml/schema/MARC21slim.xsd"
    xmlns="http://www.loc.gov/MARC21/slim">

  <leader>01007nam a22002537a 4500</leader>
  <datafield tag="010" ind1=" " ind2=" ">
    <subfield code="a">B-230866</subfield>
  </datafield>
  <datafield tag="020" ind1=" " ind2=" ">
    <subfield code="c">100.00</subfield>
    <subfield code="a">817142158</subfield>
  </datafield>
  <datafield tag="035" ind1=" " ind2=" ">
    <subfield code="a">B-230866</subfield>
  </datafield>
  <datafield tag="037" ind1=" " ind2=" ">
    <subfield code="a">Cen Lib/Ret</subfield>
  </datafield>
  <datafield tag="040" ind1=" " ind2=" ">
    <subfield code="a">DPL</subfield>
    <subfield code="b">PA</subfield>
  </datafield>
  <datafield tag="082" ind1=" " ind2=" ">
    <subfield code="a">&#xA13;</subfield>
    <subfield code="b">&#xA06;&#xA38;&#xA26;&#xA3F;</subfield>
  </datafield>
  <datafield tag="100" ind1=" " ind2=" ">
    <subfield code="a">&#xA06;&#xA38;&#xA26;&#xA3F;&#xA28;, &#xA1C;&#xA47;&#xA28; </subfield>
    <subfield code="9">122534</subfield>
  </datafield>
  <datafield tag="245" ind1=" " ind2=" ">
    <subfield code="a">&#xA15;&#xA2C;&#xA1C;&#xA3C;&#xA3E; &#xA05;&#xA24;&#xA47; &#xA2A;&#xA39;&#xA3F;&#xA1A;&#xA3E;&#xA28; /</subfield>
    <subfield code="c">&#xA1C;&#xA47;&#xA28; &#xA06;&#xA38;&#xA26;&#xA3F;&#xA28; ;&#xA05;&#xA28;&#xA41;&#xA35;&#xA3E;&#xA26;&#xA15; &#xA05;&#xA71;&#xA1B;&#xA30;&#xA41; &#xA38;&#xA3F;&#xA70;&#xA18; </subfield>
  </datafield>
  <datafield tag="246" ind1=" " ind2=" ">
    <subfield code="a">Pride and prejudice /</subfield>
    <subfield code="b">by Jane Austen ; translated by Achhru Singh</subfield>
  </datafield>
  <datafield tag="260" ind1=" " ind2=" ">
    <subfield code="a">&#xA1A;&#xA70;&#xA21;&#xA40;&#xA17;&#xA22;&#xA3C;</subfield>
    <subfield code="b">&#xA32;&#xA4B;&#xA15;&#xA17;&#xA40;&#xA24; &#xA2A;&#xA4D;&#xA30;&#xA15;&#xA3E;&#xA38;&#xA3C;&#xA28;</subfield>
    <subfield code="c">2007</subfield>
  </datafield>
  <datafield tag="270" ind1=" " ind2=" ">
    <subfield code="a">SCO 26-27 Sector 34 A</subfield>
    <subfield code="b">&#xA1A;&#xA70;&#xA21;&#xA40;&#xA17;&#xA22;&#xA3C;</subfield>
    <subfield code="e">160022</subfield>
  </datafield>
  <datafield tag="300" ind1=" " ind2=" ">
    <subfield code="a">124p ; </subfield>
    <subfield code="b">24cm(Hb)</subfield>
  </datafield>
  <datafield tag="650" ind1=" " ind2=" ">
    <subfield code="a">&#xA38;&#xA3E;&#xA39;&#xA3F;&#xA24; --&#xA2A;&#xA70;&#xA1C;&#xA3E;&#xA2C;&#xA40; </subfield>
    <subfield code="9">122535</subfield>
  </datafield>
  <datafield tag="650" ind1=" " ind2=" ">
    <subfield code="a">&#xA2A;&#xA70;&#xA1C;&#xA3E;&#xA2C;&#xA40; -- &#xA28;&#xA3E;&#xA35;&#xA32;  </subfield>
    <subfield code="9">122536</subfield>
  </datafield>
  <datafield tag="650" ind1=" " ind2=" ">
    <subfield code="a">literature--Punjabi </subfield>
    <subfield code="9">114104</subfield>
  </datafield>
  <datafield tag="650" ind1=" " ind2=" ">
    <subfield code="a">Punjabi-- noval</subfield>
    <subfield code="9">115816</subfield>
  </datafield>
  <datafield tag="700" ind1=" " ind2=" ">
    <subfield code="a">&#xA05;&#xA71;&#xA1B;&#xA30;&#xA41; &#xA38;&#xA3F;&#xA70;&#xA18; </subfield>
    <subfield code="9">122537</subfield>
  </datafield>
  <datafield tag="942" ind1=" " ind2=" ">
    <subfield code="2">ddc</subfield>
    <subfield code="c">PN</subfield>
    <subfield code="h">&#xA13;</subfield>
    <subfield code="m">&#xA06;&#xA38;&#xA26;&#xA3F;</subfield>
  </datafield>
  <datafield tag="999" ind1=" " ind2=" ">
    <subfield code="c">110043</subfield>
    <subfield code="d">110043</subfield>
  </datafield>
  <datafield tag="952" ind1=" " ind2=" ">
    <subfield code="0">0</subfield>
    <subfield code="1">0</subfield>
    <subfield code="4">0</subfield>
    <subfield code="7">0</subfield>
    <subfield code="a">L</subfield>
    <subfield code="b">L</subfield>
    <subfield code="d">2016-01-13</subfield>
    <subfield code="e">Cen Lib/Ret</subfield>
    <subfield code="g">100.00</subfield>
    <subfield code="l">1</subfield>
    <subfield code="o">&#xA13; &#xA06;&#xA38;&#xA26;&#xA3F;</subfield>
    <subfield code="p">B-230866</subfield>
    <subfield code="r">2018-06-08 00:00:00</subfield>
    <subfield code="s">2018-05-25</subfield>
    <subfield code="t">1</subfield>
    <subfield code="v">100.00</subfield>
    <subfield code="w">2016-01-13</subfield>
    <subfield code="y">PN</subfield>
  </datafield>
</record>
